NBA Players from Baylor - Statistics

General Stats
  • This quiz has been taken 34 times
    3 since last reset
  • The average score is 10 of 32
Answer Stats
Position Player Draft Year % Correct
SG Ja'Kobe Walter 2024
100%
PG Jared Butler 2021
100%
FC Jeremy Sochan 2022
100%
PG RayJ Dennis 2024
100%
F Taurean Prince 2016
100%
GF V.J. Edgecombe 2025
100%
PG Davion Mitchell 2021
50%
SF Jalen Bridges 2024
50%
GF Kendall Brown 2022
50%
PG Keyonte George 2023
50%
F Quincy Acy 2012
50%
G Vinnie Johnson 1979
50%
C Yves Missi 2024
50%
SG Adam Flagler 2023
0%
FC Brian Skinner 1998
0%
PF Cory Jefferson 2014
0%
G David Wesley 1992
0%
PF Ekpe Udoh 2010
0%
G Eric Johnson 1989
0%
F Freddie Gillespie 2020
0%
PF Ishmail Wainright 2017
0%
F Johnathan Motley 2017
0%
PG John Lucas 2005
0%
PF Lawrence Roberts 2005
0%
PG LJ Cryer 2025
0%
PG Michael Williams 1988
0%
PF Perry Jones 2012
0%
PG Pierre Jackson 2013
0%
PF Quincy Miller 2012
0%
GF Red Owens 1949
0%
SF Royce O'Neale 2015
0%
SG Terry Teagle 1982
0%
No matching quizzes found
Score Distribution
Percent of People with Each Score
Percentile by Number Answered
Your Score History
You have not taken this quiz since the last reset